000 00786nam a2200217Ii 4500
003 JO-AjNU
008 230605s9999||||xx |||||||||||||| ||und||
017 _a2001/1/132
040 _aJO-AjNU
_bara
_erda
_cJO-AjNU
041 _aara
050 1 4 _aHG3881.T7222 2005
100 3 _aتأليف: الطراد، اسماعيل ابراهيم,
_eauthor
_933438
245 0 0 _aادارة العملات الاجنبية
250 _aط2
264 3 1 _aعمان: دار وائل للنشر والتوزيع، 2005
300 _a406ص
_bيحتوي على ملاحق و ببلوغرافية من ص 389- 406ص
336 _atext
_btxt
_2rdacontent
337 _aunmediated
_bn
_2rdamedia
338 _avolume
_bnc
_2rdacarrier
650 4 _aالنقود- العملات الاجنبية
_933439
999 _aA13610
_c17178
_d17178